000 00329nam a22001457a 4500
008 210226b ||||| |||| 00| 0 eng d
020 _a9781292027661
041 _aeng
080 _a510
082 _a510
100 _a36
101 _aMAT
245 _aPearson new International Edition Algebra
_cArtin, M
942 _2udc
_cBK
999 _c55265
_d55265